追捕銅鑼衛門 : 謀殺在雲端
| 資料類型: | 圖書 | 書目號: | 46864 |
Leader xxxxxxxxxx 001 __ PCLIS00046864 005 __ 20131223111145.0008 010 0_ |a978-986-88833-7-6|b平裝|d新台幣280元 020 __ |atw|b102019569 042 __ |anbic 100 __ |a20131223d2013 y0chiy50 e 101 0_ |achi 102 __ |atw 105 __ |ay z 000ay 200 1_ |a追捕銅鑼衛門|e謀殺在雲端|f寵物先生著 205 __ |a 210 __ |a新北市|c讀癮出版|c遠足文化發行|d2013[民102] 215 0_ |a300面|c|d21公分 225 2_ |a讀本|v2 300 __ |a 461 _0 |12001 |a讀本|v2 681 __ |a857.81|b3222-2 700 _0 |a寵物先生|b|4著 702 __ |a|b|4 801 _0 |atw|b靜宜|gCCR|c20131223 |